Quiz about Ukraine - Statistics

General Stats
  • This quiz has been taken 24 times
  • The average score is 11 of 15
Answer Stats
Hint Answer % Correct
Country right above Ukraine Belarus
100%
Country it is at war with Russia
100%
Capital Kyiv
95%
Union that Ukraine gained its independence from in the 20th century Soviet Union
95%
Largest Ukrainian city on the Black sea Odessa
90%
Current president Volodymyr Zelenskyy
90%
Peninsula in the Black sea Crimea
86%
Longest river Dnieper
86%
Famine that killed millions in Soviet Ukraine, from 1932-1933 Holodomor
62%
City close to where the accident occured Pripyat
62%
Ukraine had given all of these up, to Russia, by 2001 Nukes
57%
Sea, North of the Strait of Kerch Sea of Azov
52%
Nuclear accident in the North of the Ukrainian SSR, in 1986 Chernobyl disaster
48%
Currency of Ukraine Hryvnia
38%
72% of Ukrainians identify with this branch of christianity Orthodoxy
24%
No matching quizzes found
Score Distribution
Percent of People with Each Score
Percentile by Number Answered
Your Score History
You have not taken this quiz